| 000 | 00907nac a22002531u 4500 | ||
|---|---|---|---|
| 010 | _a009429688 | ||
| 020 | _a0723409188 (pbk) | ||
| 028 | _bwww.bl.uk | ||
| 082 |
_a616.462 _bB6606 |
||
| 090 |
_c3335 _d3335 |
||
| 100 | _aBoucher, B. J. (Barbar) | ||
| 245 |
_aDiabetes mellitus : _b laboratory tests and self-monitoring / _cB.J. Boucher, Iain S. Ross. |
||
| 260 |
_aLondon : _b Wolfe Medical, 1988. _cc.1988. |
||
| 300 |
_a87p. : _bcol.ill. ; _c19cm. |
||
| 490 | _a( Wolfe Medical atlases) | ||
| 490 | _a( Clinical tests) | ||
| 500 | _aDonations. | ||
| 500 | _aDonations - Bibliotheca Alexandrina. | ||
| 504 | _aBibliography: p82-83. _ Includes index. | ||
| 650 | _aMan Diabetes | ||
| 700 | _aRoss, Iain S. (Iain Sutherland) | ||
| 942 |
_cBB _k616.462B6606 |
||
| 999 |
_c3335 _d3335 |
||